[Event "La Vega op 3rd"]
[Site "La Vega"]
[Date "2019.08.25"]
[Round "9"]
[White "Pardo Sierra, Aurelio"]
[Black "Infante Guerrero, Miguel Antonio"]
[Result "1/2-1/2"]
[WhiteElo "1994"]
[BlackElo "2282"]
[PlyCount "43"]
[EventDate "2019.08.20"]
[EventType "swiss"]
[EventRounds "9"]
[EventCountry "DOM"]
[SourceTitle "EXT 2020"]
[Source "ChessBase"]
[SourceDate "2019.10.17"]
[SourceVersion "1"]
[SourceVersionDate "2019.10.17"]
[SourceQuality "1"]

1. d4 Nf6 2. c4 e6 3. Nc3 Bb4 4. Qc2 d6 5. Bg5 Nbd7 6. e3 b6 7. Bd3 Bb7 8. f3 h6 9. Bh4 c5 10. Nge2 cxd4 11. exd4 d5 12. 0-0 dxc4 13. Bxc4 0-0 14. a3 Be7 15. Rad1 Rc8 16. Ba2 Re8 17. Rfe1 Nd5 18. Bf2 N7f6 19. Qd3 Nh7 20. Nxd5 Bxd5 21. Bb1 Nf6 22. Bg3 1/2-1/2

[Event "Santo Domingo op 08"]
[Site "Santo Domingo"]
[Date "2019.08.14"]
[Round "4"]
[White "Araujo Sanchez, Josue"]
[Black "Infante Guerrero, Miguel Antonio"]
[Result "1/2-1/2"]
[WhiteElo "2203"]
[BlackElo "2284"]
[PlyCount "26"]
[EventDate "2019.08.12"]
[EventType "swiss"]
[EventRounds "8"]
[EventCountry "DOM"]
[SourceTitle "EXT 2020"]
[Source "ChessBase"]
[SourceDate "2019.10.17"]
[SourceVersion "1"]
[SourceVersionDate "2019.10.17"]
[SourceQuality "1"]

1. Nf3 Nf6 2. c4 c5 3. Nc3 Nc6 4. e3 e6 5. d4 d5 6. a3 a6 7. dxc5 Bxc5 8. b4 Ba7 9. Bb2 0-0 10. Bd3 dxc4 11. Bxc4 Qxd1+ 12. Rxd1 b5 13. Bd3 Bb7 1/2-1/2

[Event "DOM-ch"]
[Site "Santo Domingo"]
[Date "2019.05.11"]
[Round "10"]
[White "Campusano Espinosa, Zoilo Nelson"]
[Black "Infante Guerrero, Miguel Antonio"]
[Result "0-1"]
[WhiteElo "2080"]
[BlackElo "2286"]
[PlyCount "108"]
[EventDate "2019.04.26"]
[EventType "swiss"]
[EventRounds "11"]
[EventCountry "DOM"]
[SourceTitle "CBM 190 Extra"]
[Source "ChessBase"]
[SourceDate "2019.07.15"]
[SourceVersion "1"]
[SourceVersionDate "2019.07.15"]
[SourceQuality "1"]

1. e4 c6 2. d4 d5 3. Nc3 dxe4 4. Nxe4 Bf5 5. Ng3 Bg6 6. Nf3 e6 7. Bd3 Nf6 8. 0-0 Nbd7 9. Re1 Be7 10. c3 Bxd3 11. Qxd3 0-0 12. Bf4 Re8 13. b4 a5 14. a3 b5 15. Ne4 h6 16. Nd6 Bxd6 17. Bxd6 Nb6 18. Bc5 Nc4 19. Ne5 Nxe5 20. Rxe5 Nd5 21. Rae1 axb4 22. Bxb4 Ra4 23. g3 Qf6 24. f4 Rea8 25. Bc5 Rc4 26. Bb4 g6 27. Qd2 Kg7 28. Rf1 h5 29. Kg2 Rd8 30. Rf3 Rd7 31. Qe1 Rd8 32. h3 Nxb4 33. axb4 Ra8 34. g4 hxg4 35. hxg4 Ra2+ 36. Re2 Rxe2+ 37. Qxe2 g5 38. Qe4 gxf4 39. Rxf4 Qg5 40. Qf3 f6 41. Kg3 e5 42. Re4 exd4 43. cxd4 Kf7 44. Qd3 Qc1 45. Re3 Qg1+ 46. Kh3 Qh1+ 47. Kg3 Rc1 48. Qb3+ Rc4 49. Qa3 Qg1+ 50. Kf3 Qd1+ 51. Kf2 Qxd4 52. Qa2 Kg7 53. g5 Qf4+ 54. Rf3 Qh2+ 0-1

[Event "DOM-ch"]
[Site "Santo Domingo"]
[Date "2019.05.05"]
[Round "8"]
[White "Camacho Campusano, David Daniel"]
[Black "Infante Guerrero, Miguel Antonio"]
[Result "1/2-1/2"]
[WhiteElo "2147"]
[BlackElo "2286"]
[PlyCount "44"]
[EventDate "2019.04.26"]
[EventType "swiss"]
[EventRounds "11"]
[EventCountry "DOM"]
[SourceTitle "CBM 190 Extra"]
[Source "ChessBase"]
[SourceDate "2019.07.15"]
[SourceVersion "1"]
[SourceVersionDate "2019.07.15"]
[SourceQuality "1"]

1. e4 e5 2. Nf3 Nc6 3. Bc4 Nf6 4. d3 Be7 5. c3 0-0 6. Nbd2 d6 7. 0-0 Na5 8. Bb5 a6 9. Ba4 b5 10. Bc2 c5 11. Re1 Nc6 12. a4 Be6 13. Nf1 h6 14. Ne3 d5 15. exd5 Nxd5 16. d4 exd4 17. cxd4 Nf6 18. axb5 axb5 19. Rxa8 Qxa8 20. d5 Rd8 21. Qe2 Nxd5 22. Nxd5 Bxd5 1/2-1/2

[Event "DOM-ch"]
[Site "Santo Domingo"]
[Date "2019.05.04"]
[Round "6"]
[White "Munoz Santana, Jose Lisandro"]
[Black "Infante Guerrero, Miguel Antonio"]
[Result "1/2-1/2"]
[WhiteElo "2425"]
[BlackElo "2286"]
[PlyCount "37"]
[EventDate "2019.04.26"]
[EventType "swiss"]
[EventRounds "11"]
[EventCountry "DOM"]
[SourceTitle "CBM 190 Extra"]
[Source "ChessBase"]
[SourceDate "2019.07.15"]
[SourceVersion "1"]
[SourceVersionDate "2019.07.15"]
[SourceQuality "1"]

1. e4 e5 2. Nf3 Nc6 3. Bc4 Nf6 4. d3 Bc5 5. c3 a6 6. Bb3 Ba7 7. h3 0-0 8. Bg5 d6 9. Nbd2 h6 10. Bh4 g5 11. Bg3 Nh5 12. Nh2 Nf4 13. Bxf4 gxf4 14. Qh5 Kg7 15. Rg1 Qg5 16. Qe2 Rg8 17. g3 Kf8 18. 0-0-0 Na5 19. Bc2 1/2-1/2

[Event "Santo Domingo Independencia op 8th"]
[Site "Santo Domingo"]
[Date "2019.02.15"]
[Round "1"]
[White "Infante Guerrero, Miguel Antonio"]
[Black "Rodriguez Mejia, Eddy Gabriel"]
[Result "1-0"]
[WhiteElo "2253"]
[BlackElo "1726"]
[PlyCount "53"]
[EventDate "2019.02.15"]
[EventType "swiss"]
[EventRounds "8"]
[EventCountry "DOM"]
[SourceTitle "CBM 189 Extra"]
[Source "ChessBase"]
[SourceDate "2019.06.03"]
[SourceVersion "1"]
[SourceVersionDate "2019.06.03"]
[SourceQuality "1"]

1. e4 c5 2. Nf3 d6 3. c3 Nf6 4. Bd3 Nc6 5. Bc2 c4 6. Na3 d5 7. exd5 Qxd5 8. Qe2 b5 9. d3 cxd3 10. Bxd3 b4 11. Nb5 Qd8 12. Bf4 Nd5 13. Bg3 bxc3 14. Nd6+ Kd7 15. Nxf7 cxb2 16. Qxb2 Qa5+ 17. Qd2 Qxd2+ 18. Kxd2 Ke8 19. Nxh8 g6 20. Rac1 Bh6+ 21. Ke2 Ncb4 22. Bb5+ Kf8 23. Rc5 Bf5 24. a3 Na2 25. Be5 Bg7 26. Rxd5 Bxe5 27. Rxe5 1-0

[Event "DOM-ch"]
[Site "Santo Domingo"]
[Date "2015.05.09"]
[Round "6"]
[White "Infante Guerrero, Miguel Antonio"]
[Black "Alvarez, Franklin"]
[Result "1/2-1/2"]
[WhiteElo "2275"]
[BlackElo "2100"]
[PlyCount "112"]
[EventDate "2015.05.01"]
[EventType "swiss"]
[EventRounds "11"]
[EventCountry "DOM"]
[SourceTitle "CBM 166 Extra"]
[Source "ChessBase"]
[SourceDate "2015.06.18"]
[SourceVersion "1"]
[SourceVersionDate "2015.06.18"]
[SourceQuality "1"]

1. d4 Nf6 2. c4 e6 3. Nc3 Bb4 4. e3 b6 5. Nge2 Bb7 6. a3 Be7 7. d5 d6 8. g3 0-0 9. Bg2 Nbd7 10. 0-0 e5 11. e4 a5 12. Rb1 Ba6 13. b3 Rb8 14. Bd2 Rb7 15. Qc2 Qa8 16. Nb5 Rc8 17. b4 axb4 18. axb4 Bxb5 19. cxb5 Ra7 20. Nc3 Qb7 21. Bc1 Rca8 22. Bb2 Qc8 23. Bf3 Nf8 24. Kg2 h6 25. Be2 Ng6 26. Nd1 Nh7 27. Ne3 Bf6 28. Rh1 Ra4 29. Qc4 Bg5 30. Bd1 Ra2 31. Bb3 R2a7 32. Qe2 Bf6 33. Rbc1 Ng5 34. Ng4 Bd8 35. h4 Nh7 36. Qf3 Nf6 37. Ne3 h5 38. Nf1 Qd7 39. Qe2 Qg4 40. Qxg4 Nxg4 41. f3 Nf6 42. Ne3 Ne7 43. Kf2 g6 44. Ke2 Kg7 45. Kd3 Neg8 46. f4 Nd7 47. Rh2 Nh6 48. Rhc2 Kg8 49. Rh1 Bf6 50. Rhc1 Rc8 51. Nc4 Re8 52. fxe5 dxe5 53. Ne3 Bd8 54. Rf1 Be7 55. Bc3 Bd6 56. Nc4 Bf8 1/2-1/2

[Event "DOM-ch"]
[Site "Santo Domingo"]
[Date "2015.05.01"]
[Round "1"]
[White "Camacho Campusano, David Daniel"]
[Black "Infante Guerrero, Miguel Antonio"]
[Result "0-1"]
[WhiteElo "2026"]
[BlackElo "2275"]
[PlyCount "76"]
[EventDate "2015.05.01"]
[EventType "swiss"]
[EventRounds "11"]
[EventCountry "DOM"]
[SourceTitle "CBM 166 Extra"]
[Source "ChessBase"]
[SourceDate "2015.06.18"]
[SourceVersion "1"]
[SourceVersionDate "2015.06.18"]
[SourceQuality "1"]

1. e4 c6 2. d4 d5 3. exd5 cxd5 4. Bd3 Nc6 5. c3 Qc7 6. Ne2 Bg4 7. f3 Bd7 8. Bf4 e5 9. dxe5 Nxe5 10. Bc2 Nf6 11. Qd4 Bd6 12. Nd2 0-0 13. 0-0-0 Rae8 14. Bg5 Bc5 15. Qh4 Ng6 16. Bxg6 fxg6 17. Nd4 b5 18. N2b3 Bd6 19. Kb1 a5 20. Rhe1 a4 21. Rxe8 Nxe8 22. Nc1 a3 23. Be7 axb2 24. Kxb2 Rf7 25. Re1 h6 26. Ncb3 Bxh2 27. Bd8 Qd6 28. Be7 Qb8 29. Re2 Bg3 30. Qh1 Nd6 31. Nc5 Qc8 32. Ndb3 Nc4+ 33. Ka1 Qe8 34. Nxd7 Rxe7 35. Rxe7 Qxe7 36. Ndc5 Qe2 37. Qb1 Be5 38. Nd4 Qd2 0-1

[Event "San Sebastian Mendez Memorial 2nd"]
[Site "San Sebastian del Pepino"]
[Date "2015.01.17"]
[Round "4"]
[White "Infante Guerrero, Miguel Antonio"]
[Black "Pina Vega, Sulennis"]
[Result "1/2-1/2"]
[WhiteElo "2277"]
[BlackElo "2296"]
[PlyCount "50"]
[EventDate "2015.01.14"]
[EventType "swiss"]
[EventRounds "9"]
[EventCountry "PUR"]
[SourceTitle "EXT 2016"]
[Source "ChessBase"]
[SourceDate "2015.10.08"]
[SourceVersion "1"]
[SourceVersionDate "2015.10.08"]
[SourceQuality "1"]

1. d4 d5 2. c4 dxc4 3. Nf3 a6 4. e3 b5 5. a4 b4 6. Bxc4 e6 7. 0-0 Nf6 8. Qe2 Bb7 9. Nbd2 c5 10. Rd1 Nbd7 11. Bd3 Be7 12. a5 Qc7 13. Nc4 0-0 14. Bd2 Be4 15. Rac1 Qb7 16. Bxe4 Nxe4 17. Be1 Rfd8 18. Nfe5 Nef6 19. dxc5 Bxc5 20. Qf3 Qxf3 21. gxf3 Nxe5 22. Rxd8+ Rxd8 23. Nxe5 Rd5 24. Nd3 Bf8 25. Nxb4 Rxa5 1/2-1/2

[Event "Santo Domingo AES Cup 2nd"]
[Site "Santo Domingo"]
[Date "2012.12.07"]
[Round "9"]
[White "Michelen Rodriguez, Victor Issac"]
[Black "Infante Guerrero, Miguel Antonio"]
[Result "1/2-1/2"]
[WhiteElo "2140"]
[BlackElo "2314"]
[PlyCount "93"]
[EventDate "2012.12.01"]
[EventType "swiss"]
[EventRounds "9"]
[EventCountry "DOM"]
[SourceTitle "CBM 151 Extra"]
[Source "ChessBase"]
[SourceDate "2012.12.18"]
[SourceVersion "1"]
[SourceVersionDate "2012.12.18"]
[SourceQuality "1"]

1. c4 b6 2. d4 Bb7 3. Nc3 e6 4. a3 f5 5. Nf3 Nf6 6. d5 Bd6 7. Nd4 Qe7 8. Ndb5 0-0 9. Nxd6 cxd6 10. Bg5 Na6 11. e3 Nc5 12. b4 Nce4 13. Nxe4 fxe4 14. dxe6 Qxe6 15. Bf4 d5 16. cxd5 Bxd5 17. Be2 Bc4 18. 0-0 d5 19. Bxc4 dxc4 20. Qd6 Qf7 21. Qc7 Rfd8 22. Qxf7+ Kxf7 23. f3 Ke6 24. Bg5 exf3 25. Rxf3 Rd3 26. Bxf6 gxf6 27. a4 Rad8 28. Raf1 Rf8 29. Rf4 c3 30. Rc4 Kd5 31. Rc7 Rxe3 32. Rd1+ Ke6 33. Rc1 Rd8 34. R7xc3 Rxc3 35. Rxc3 Rd1+ 36. Kf2 Ra1 37. Rc7 Rxa4 38. Rxh7 a6 39. Ra7 Kf5 40. Kf3 b5 41. g4+ Kg5 42. Rg7+ Kh6 43. Ra7 Rxb4 44. Rxa6 Kg5 45. h4+ Kxh4 46. Rxf6 Rxg4 47. Rf4 1/2-1/2

[Event "Santo Domingo AES Cup 2nd"]
[Site "Santo Domingo"]
[Date "2012.12.04"]
[Round "5"]
[White "Infante Guerrero, Miguel Antonio"]
[Black "Mitkov, Nikola"]
[Result "0-1"]
[WhiteElo "2314"]
[BlackElo "2508"]
[PlyCount "66"]
[EventDate "2012.12.01"]
[EventType "swiss"]
[EventRounds "9"]
[EventCountry "DOM"]
[SourceTitle "CBM 151 Extra"]
[Source "ChessBase"]
[SourceDate "2012.12.18"]
[SourceVersion "1"]
[SourceVersionDate "2012.12.18"]
[SourceQuality "1"]

1. e4 e5 2. Bc4 Nf6 3. d3 Nc6 4. Nc3 Na5 5. Nge2 Bc5 6. 0-0 d6 7. a4 Nxc4 8. dxc4 Be6 9. b3 0-0 10. Qd3 c6 11. Be3 Bxe3 12. Qxe3 Qb6 13. Qd2 Rad8 14. a5 Qc7 15. Qe1 a6 16. f4 exf4 17. Nxf4 Qe7 18. Nd3 Ng4 19. Qg3 Bc8 20. h3 Ne5 21. Nf4 Ng6 22. Nxg6 hxg6 23. Rad1 Qe5 24. Qxe5 dxe5 25. Na4 g5 26. Nc5 f6 27. Kf2 Kf7 28. Rd3 Ke7 29. Ke3 Rh8 30. Ra1 Rh4 31. Rad1 Rxd3+ 32. Nxd3 g6 33. Ne1 Be6 0-1

[Event "Santo Domingo AES Cup 2nd"]
[Site "Santo Domingo"]
[Date "2012.12.03"]
[Round "4"]
[White "Infante Guerrero, Miguel Antonio"]
[Black "Iturrizaga Bonelli, Eduardo"]
[Result "1/2-1/2"]
[WhiteElo "2314"]
[BlackElo "2649"]
[PlyCount "94"]
[EventDate "2012.12.01"]
[EventType "swiss"]
[EventRounds "9"]
[EventCountry "DOM"]
[SourceTitle "CBM 151 Extra"]
[Source "ChessBase"]
[SourceDate "2012.12.18"]
[SourceVersion "1"]
[SourceVersionDate "2012.12.18"]
[SourceQuality "1"]

1. d4 g6 2. c4 Bg7 3. Nf3 Nf6 4. Nc3 0-0 5. g3 c5 6. Bg2 d6 7. 0-0 Na6 8. b3 cxd4 9. Nxd4 Nc5 10. Bb2 a5 11. Rc1 Qb6 12. Ndb5 Bd7 13. a4 Bc6 14. Nd5 Nxd5 15. Bxg7 Ne3 16. fxe3 Kxg7 17. Qd4+ f6 18. Rb1 Rad8 19. e4 e5 20. Qf2 f5 21. exf5 Rxf5 22. Bf3 Rdf8 23. Qe3 R8f6 24. Rbd1 Bxb5 25. axb5 Qc7 26. Rfe1 h5 27. Be4 Nxe4 28. Qxe4 Qc5+ 29. e3 b6 30. Rf1 Kh6 31. Kg2 Qa3 32. Rxf5 Rxf5 33. Qd3 Rf6 34. e4 Kg7 35. Rd2 Qc5 36. h4 Kf8 37. Re2 Rf7 38. Rd2 Ke7 39. Re2 Rf8 40. Rd2 Ra8 41. Rf2 Rf8 42. Rd2 Kd7 43. Re2 Kc7 44. Rd2 Kd7 45. Re2 Ke7 46. Rd2 Ke6 47. Qd5+ Ke7 1/2-1/2

[Event "Iberoamerican-ch fin-C 4th"]
[Site "Quito"]
[Date "2012.04.21"]
[Round "4"]
[White "Infante Guerrero, Miguel Antonio"]
[Black "Prasca Sosa, Rafael Felipe"]
[Result "1/2-1/2"]
[WhiteElo "2314"]
[BlackElo "2420"]
[PlyCount "87"]
[EventDate "2012.04.19"]
[EventType "tourn"]
[EventRounds "5"]
[EventCountry "ECU"]
[EventCategory "6"]
[SourceTitle "CBM 148 Extra"]
[Source "ChessBase"]
[SourceDate "2012.06.22"]
[SourceVersion "1"]
[SourceVersionDate "2012.06.22"]
[SourceQuality "1"]

1. d4 d5 2. c4 c6 3. Nf3 Nf6 4. e3 g6 5. Nc3 Bg7 6. Bd3 0-0 7. 0-0 a6 8. Bd2 dxc4 9. Bxc4 Bf5 10. Qe2 b5 11. Bb3 c5 12. e4 Bg4 13. dxc5 Nc6 14. Be3 Ne5 15. Rfd1 Qc8 16. Bf4 Bxf3 17. gxf3 Nh5 18. Bg3 Qxc5 19. f4 Nc6 20. Nd5 Nd4 21. Qe3 Nxb3 22. Qxb3 Rac8 23. Rac1 Qxc1 24. Nxe7+ Kh8 25. Rxc1 Rxc1+ 26. Kg2 Rc4 27. f3 f5 28. exf5 gxf5 29. Qe3 Bxb2 30. Qe6 Bg7 31. Nxf5 Nxf4+ 32. Bxf4 Rxf4 33. Nxg7 Kxg7 34. Qxa6 Rxf3 35. Qb7+ R3f7 36. Qxb5 Rf5 37. Qd7+ R8f7 38. Qd2 R7f6 39. h3 Kg6 40. Qd3 Kg7 41. Qd4 Kh6 42. Qh4+ Kg7 43. Qd4 Kh6 44. Qh4+ 1/2-1/2

[Event "Iberoamerican-ch GpC 4th"]
[Site "Quito"]
[Date "2012.04.14"]
[Round "1"]
[White "Infante Guerrero, Miguel Antonio"]
[Black "Leon Hoyos, Manuel"]
[Result "0-1"]
[WhiteElo "2314"]
[BlackElo "2569"]
[PlyCount "76"]
[EventDate "2012.04.14"]
[EventType "tourn"]
[EventRounds "5"]
[EventCountry "ECU"]
[EventCategory "9"]
[SourceTitle "CBM 148 Extra"]
[Source "ChessBase"]
[SourceDate "2012.06.22"]
[SourceVersion "1"]
[SourceVersionDate "2012.06.22"]
[SourceQuality "1"]

1. d4 Nf6 2. c4 c5 3. d5 b5 4. cxb5 a6 5. b6 d6 6. Nc3 Nbd7 7. Nf3 g6 8. e4 Bg7 9. a4 a5 10. Bb5 0-0 11. 0-0 Nxb6 12. Bf4 Ne8 13. Bc6 Rb8 14. Rc1 Bd7 15. Bxd7 Qxd7 16. b3 Nc7 17. Qd3 Qg4 18. Bd2 f5 19. Rfe1 fxe4 20. Rxe4 Qf5 21. Ne2 Ra8 22. Ng3 Qxd5 23. Qc2 e5 24. Rh4 Ne6 25. Ne4 Rf5 26. Neg5 Nxg5 27. Nxg5 Bf6 28. Rg4 Bxg5 29. Bxg5 Raf8 30. Be3 Qf7 31. Qd2 Nd5 32. f3 Rb8 33. Bh6 Qe6 34. Qxa5 Rf7 35. Rd1 Nb4 36. Rc4 Nc6 37. Qa6 Nd4 38. b4 Qd5 0-1

[Event "Duran zt 2.3.5"]
[Site "Duran"]
[Date "2012.03.09"]
[Round "7"]
[White "Ynojosa Aponte, Felix Jose"]
[Black "Infante Guerrero, Miguel Antonio"]
[Result "1-0"]
[WhiteElo "2300"]
[BlackElo "2314"]
[PlyCount "49"]
[EventDate "2012.03.05"]
[EventType "swiss"]
[EventRounds "9"]
[EventCountry "ECU"]
[SourceTitle "EXT 2023"]
[Source "ChessBase"]
[SourceDate "2022.10.05"]
[SourceVersion "1"]
[SourceVersionDate "2022.10.05"]
[SourceQuality "1"]

1. e4 e5 2. Nf3 Nc6 3. Bc4 Nf6 4. d3 Be7 5. c3 0-0 6. Bb3 d6 7. 0-0 Na5 8. Bc2 c5 9. Re1 Nc6 10. Nbd2 Be6 11. Nf1 Qc7 12. Ne3 Rad8 13. Qe2 h6 14. a3 Rfe8 15. Ba4 a6 16. c4 Qa5 17. Bxc6 bxc6 18. b4 Qb6 19. Nc2 cxb4 20. axb4 Bc8 21. Bd2 Bf8 22. b5 Rd7 23. bxc6 Qxc6 24. Nb4 Qb6 25. Bc3 1-0

[Event "Duran zt 2.3.5"]
[Site "Duran"]
[Date "2012.03.08"]
[Round "5"]
[White "Del Castilho, Martyn Simon"]
[Black "Infante Guerrero, Miguel Antonio"]
[Result "0-1"]
[WhiteElo "2218"]
[BlackElo "2314"]
[PlyCount "24"]
[EventDate "2012.03.05"]
[EventType "swiss"]
[EventRounds "9"]
[EventCountry "ECU"]
[SourceTitle "EXT 2023"]
[Source "ChessBase"]
[SourceDate "2022.10.05"]
[SourceVersion "1"]
[SourceVersionDate "2022.10.05"]
[SourceQuality "1"]

1. e4 c5 2. Nf3 d6 3. d4 cxd4 4. Nxd4 Nf6 5. Nc3 a6 6. Be3 e5 7. Nb3 Be7 8. f3 Be6 9. Qd2 0-0 10. 0-0-0 b5 11. Kb1 Nc6 12. Be2 Qc7 0-1

[Event "Guayaquil zt 2.3.5"]
[Site "Guayaquil"]
[Date "2012.03.05"]
[Round "1"]
[White "Treu, Auke"]
[Black "Infante Guerrero, Miguel Antonio"]
[Result "0-1"]
[WhiteElo "2121"]
[BlackElo "2314"]
[PlyCount "74"]
[EventDate "2012.03.05"]
[EventType "swiss"]
[EventRounds "9"]
[EventCountry "ECU"]
[SourceTitle "EXT 2013"]
[Source "ChessBase"]
[SourceDate "2012.11.22"]
[SourceVersion "1"]
[SourceVersionDate "2012.11.22"]
[SourceQuality "1"]

1. d4 Nf6 2. Nf3 e6 3. g3 b5 4. Bg2 Bb7 5. 0-0 d5 6. Bg5 Nbd7 7. c3 Be7 8. Nbd2 c5 9. dxc5 Nxc5 10. Nd4 a6 11. Re1 0-0 12. Qc2 Re8 13. Rad1 Qb6 14. e4 dxe4 15. Bxf6 Bxf6 16. Nxe4 Nxe4 17. Bxe4 g6 18. Bxb7 Qxb7 19. Qe4 Qxe4 20. Rxe4 Red8 21. f4 Rac8 22. a3 a5 23. Re3 b4 24. axb4 axb4 25. g4 bxc3 26. bxc3 Rxc3 27. Rxc3 Bxd4+ 28. Rxd4 Rxd4 29. Rf3 g5 30. fxg5 Rxg4+ 31. Kf2 Rxg5 32. Ra3 Kg7 33. Ra7 h5 34. Ke3 Rg4 35. Rb7 Ra4 36. Rb5 Kg6 37. Rb7 e5 0-1

[Event "Olympiad-39"]
[Site "Khanty-Mansiysk"]
[Date "2010.10.01"]
[Round "10.3"]
[White "Infante Guerrero, Miguel Antonio"]
[Black "Yarmonov, Igor"]
[Result "0-1"]
[WhiteElo "2276"]
[BlackElo "2335"]
[PlyCount "124"]
[EventDate "2010.09.21"]
[EventType "team-swiss"]
[EventRounds "11"]
[EventCountry "RUS"]
[SourceTitle "CBM 139"]
[Source "ChessBase"]
[SourceDate "2010.11.18"]
[SourceVersion "1"]
[SourceVersionDate "2010.11.18"]
[SourceQuality "1"]
[WhiteTeam "Dominican Rep"]
[BlackTeam "IPCA"]
[WhiteTeamCountry "DOM"]

1. Nf3 d5 2. d4 e6 3. c4 Nf6 4. g3 Be7 5. Bg2 0-0 6. 0-0 c6 7. Qc2 Ne4 8. Nbd2 f5 9. Ne5 Nd7 10. Ndf3 Nxe5 11. Nxe5 Bf6 12. Be3 Bd7 13. Nxd7 Qxd7 14. Rad1 Nd6 15. b3 b5 16. c5 Nf7 17. Bc1 e5 18. dxe5 Nxe5 19. Kh1 g6 20. Bb2 Qe7 21. e3 a5 22. Bd4 Qg7 23. Qc3 b4 24. Qc2 Rfe8 25. Kg1 Ra7 26. a4 Rae7 27. Qe2 Re6 28. Qa6 Qc7 29. Rd2 Kg7 30. Rc1 Nf7 31. Qb6 Qd8 32. Qxd8 Rxd8 33. Bxf6+ Kxf6 34. Rd4 Rde8 35. h4 h6 36. Bf3 Nd8 37. Kg2 R6e7 38. Rdd1 Ne6 39. Rh1 Rh7 40. Rhd1 Reh8 41. Be2 g5 42. Rh1 Nf8 43. Bd3 Ng6 44. hxg5+ hxg5 45. Rxh7 Rxh7 46. f4 g4 47. Ba6 Nf8 48. Bc8 Rc7 49. Ba6 Nd7 50. Bd3 Kg6 51. Ba6 Nf6 52. Bd3 Rh7 53. Bb5 Rc7 54. Bd3 Nd7 55. Kg1 Kf6 56. Kg2 Rc8 57. Rc2 Ke6 58. Rc1 Rh8 59. Bb5 cxb5 60. axb5 Rc8 61. c6 Nb6 62. Rh1 Kd6 0-1

[Event "Olympiad-39"]
[Site "Khanty-Mansiysk"]
[Date "2010.09.28"]
[Round "7.3"]
[White "Infante Guerrero, Miguel Antonio"]
[Black "Chogdov, Munkhbat"]
[Result "1-0"]
[WhiteElo "2276"]
[BlackElo "2236"]
[PlyCount "96"]
[EventDate "2010.09.21"]
[EventType "team-swiss"]
[EventRounds "11"]
[EventCountry "RUS"]
[SourceTitle "CBM 139"]
[Source "ChessBase"]
[SourceDate "2010.11.18"]
[SourceVersion "1"]
[SourceVersionDate "2010.11.18"]
[SourceQuality "1"]
[WhiteTeam "Dominican Rep"]
[BlackTeam "Korea"]
[WhiteTeamCountry "DOM"]
[BlackTeamCountry "KOR"]

1. Nf3 Nf6 2. c4 c5 3. Nc3 Nc6 4. g3 g6 5. d4 cxd4 6. Nxd4 Bg7 7. Bg2 0-0 8. 0-0 Qb6 9. Nb3 d6 10. Be3 Qd8 11. Rc1 Be6 12. Nd5 Bxd5 13. cxd5 Nb4 14. Qd2 Na6 15. Rc2 Qd7 16. a3 Ng4 17. Bd4 Bxd4 18. Nxd4 Nf6 19. Rfc1 Rac8 20. b4 Rxc2 21. Qxc2 Rb8 22. Qc4 Qa4 23. Qb3 Qxb3 24. Nxb3 Kf8 25. b5 Nc5 26. Nxc5 dxc5 27. Rxc5 Ke8 28. Rc7 Kd8 29. d6 Ne8 30. Rxe7 Nxd6 31. Re5 Rc8 32. a4 Rc4 33. a5 Rb4 34. e3 Rxb5 35. Rxb5 Nxb5 36. Bxb7 Kd7 37. Bd5 f6 38. Kg2 Kd6 39. Bg8 h6 40. Kf3 Kc5 41. Bf7 g5 42. Kg4 Nd6 43. Be6 Kb5 44. Kh5 Kxa5 45. Kxh6 Kb4 46. h4 a5 47. h5 a4 48. Kg6 Nc4 1-0

[Event "Capablanca Memorial op 45th"]
[Site "Havana"]
[Date "2010.06.18"]
[Round "8"]
[White "Infante Guerrero, Miguel Antonio"]
[Black "Fleites Marti, Yuleikys"]
[Result "1-0"]
[WhiteElo "2277"]
[BlackElo "2168"]
[PlyCount "63"]
[EventDate "2010.06.10"]
[EventType "swiss"]
[EventRounds "10"]
[EventCountry "CUB"]
[SourceTitle "CBM 137 Extra"]
[Source "ChessBase"]
[SourceDate "2010.09.01"]
[SourceVersion "1"]
[SourceVersionDate "2010.09.01"]
[SourceQuality "1"]

1. d4 d5 2. c4 c6 3. Nf3 Nf6 4. Nc3 dxc4 5. a4 Bf5 6. Nh4 Bd7 7. g3 e6 8. Bg2 a5 9. 0-0 Be7 10. Nf3 Na6 11. Ne5 0-0 12. Nxc4 Bb4 13. e4 Qe7 14. Bf4 Rfd8 15. Nb6 Ra7 16. Qb3 c5 17. d5 e5 18. Be3 Nc7 19. h3 Nh5 20. Qd1 Qd6 21. Nxd7 g6 22. Nxe5 Qxe5 23. Qc1 b6 24. g4 Nf6 25. Bf4 Qe8 26. Bg5 Qe5 27. Ne2 h6 28. Bf4 Qe8 29. Ng3 b5 30. Bxh6 bxa4 31. Bg5 Ra6 32. Qf4 1-0

[Event "Capablanca Memorial op 45th"]
[Site "Havana"]
[Date "2010.06.17"]
[Round "7"]
[White "Marrero Lopez, Yaniet"]
[Black "Infante Guerrero, Miguel Antonio"]
[Result "1-0"]
[WhiteElo "2316"]
[BlackElo "2277"]
[PlyCount "85"]
[EventDate "2010.06.10"]
[EventType "swiss"]
[EventRounds "10"]
[EventCountry "CUB"]
[SourceTitle "CBM 137 Extra"]
[Source "ChessBase"]
[SourceDate "2010.09.01"]
[SourceVersion "1"]
[SourceVersionDate "2010.09.01"]
[SourceQuality "1"]

1. e4 c5 2. Nf3 e6 3. d4 cxd4 4. Nxd4 a6 5. Bd3 Bc5 6. Nb3 Be7 7. Be3 d6 8. f4 Nf6 9. N1d2 Qc7 10. Qf3 Nbd7 11. g4 Nc5 12. Nxc5 dxc5 13. a4 b6 14. g5 Nd7 15. Qh3 g6 16. Qg4 Bf8 17. h4 Bg7 18. e5 Bb7 19. Rh3 Bd5 20. Qe2 Qb7 21. h5 Ke7 22. Nc4 Bxc4 23. Bxc4 Rhb8 24. Kf2 Ke8 25. Qf3 Qxf3+ 26. Rxf3 Bf8 27. Rh3 Be7 28. hxg6 hxg6 29. Rh7 Nf8 30. Rg7 Ra7 31. Bd3 Rc8 32. b3 Rb8 33. Kf3 Rc8 34. Rh1 Rb8 35. Rh8 Rc8 36. Bc4 Rc6 37. f5 gxf5 38. g6 fxg6 39. Bh6 Ra8 40. Rgh7 g5 41. Bxf8 Bxf8 42. Rxf8+ Kxf8 43. Rh8+ 1-0